[Event "GER-chT Lands U20"]
[Site "Hannover"]
[Date "2017.10.01"]
[Round "2.7"]
[White "Abicht, Aruna Sophia"]
[Black "Reuter, Elisa"]
[Result "0-1"]
[WhiteElo "1349"]
[BlackElo "1819"]
[PlyCount "116"]
[EventDate "2017.09.29"]
[EventType "team-swiss"]
[EventRounds "7"]
[EventCountry "GER"]
[SourceTitle "EXT 2018"]
[Source "ChessBase"]
[SourceDate "2017.10.13"]
[SourceVersion "1"]
[SourceVersionDate "2017.10.13"]
[SourceQuality "1"]
[WhiteTeam "Hamburg U20"]
[BlackTeam "Thueringen U20"]
[WhiteTeamCountry "GER"]
[BlackTeamCountry "GER"]

1. e4 c5 2. Nf3 g6 3. d4 cxd4 4. Nxd4 Bg7 5. Be3 Nc6 6. Nc3 Nf6 7. Nxc6 bxc6 8. e5 Ng8 9. Bd4 Nh6 10. e6 0-0 11. Bxg7 Kxg7 12. Qd4+ Kg8 13. exf7+ Rxf7 14. Bd3 Nf5 15. Bxf5 Rxf5 16. 0-0-0 Qb6 17. Qxb6 axb6 18. f3 b5 19. a3 d6 20. Rhe1 Rf7 21. Ne4 h6 22. Re3 Bf5 23. Rde1 Bxe4 24. Rxe4 Ra7 25. Re6 Kg7 26. R1e4 c5 27. Kb1 Rb7 28. h4 c4 29. c3 Rc7 30. Ka2 g5 31. hxg5 hxg5 32. b3 Kf8 33. Rg4 Rf5 34. Rg6 Rcc5 35. bxc4 bxc4 36. Kb2 Rfe5 37. Re4 Rxe4 38. fxe4 Re5 39. a4 Kf7 40. Rh6 Rxe4 41. Ka3 Re2 42. a5 Re1 43. Kb2 Re5 44. a6 Ra5 45. Rh5 Kg6 46. Rh8 Rxa6 47. Rc8 d5 48. g4 Kg7 49. Rc7 Re6 50. Rd7 Re5 51. Ka3 Kf6 52. Rd8 e6 53. Kb4 Re4 54. Kc5 Ke5 55. Rh8 Rxg4 56. Rh5 Rg3 57. Kb4 Kf5 58. Rh8 g4 0-1

[Event "GER-chT Lands U20"]
[Site "Hannover"]
[Date "2017.10.01"]
[Round "3.7"]
[White "Bress, Amy Charlize"]
[Black "Abicht, Aruna Sophia"]
[Result "1-0"]
[WhiteElo "1561"]
[BlackElo "1349"]
[PlyCount "141"]
[EventDate "2017.09.29"]
[EventType "team-swiss"]
[EventRounds "7"]
[EventCountry "GER"]
[SourceTitle "EXT 2018"]
[Source "ChessBase"]
[SourceDate "2017.10.13"]
[SourceVersion "1"]
[SourceVersionDate "2017.10.13"]
[SourceQuality "1"]
[WhiteTeam "Mecklenburg Vorpommern U20"]
[BlackTeam "Hamburg U20"]
[WhiteTeamCountry "GER"]
[BlackTeamCountry "GER"]

1. e4 e5 2. Nf3 Nc6 3. Bb5 Nge7 4. 0-0 g6 5. d4 exd4 6. Nxd4 Bg7 7. Nf3 0-0 8. Re1 d6 9. h3 Kh8 10. Nbd2 f5 11. Qe2 fxe4 12. Nxe4 Nd4 13. Nxd4 Bxd4 14. c3 Bb6 15. Be3 Bxe3 16. Qxe3 Nf5 17. Qd3 c6 18. Ba4 d5 19. Rad1 Qa5 20. Bb3 dxe4 21. Qxe4 Qc7 22. g4 Nh4 23. Re3 Qg7 24. Kf1 Bd7 25. Qe7 Be8 26. Qxh4 Bf7 27. Bxf7 Qxf7 28. b3 Rae8 29. Qg3 Rd8 30. Rxd8 Rxd8 31. Qe5+ Kg8 32. Ke1 Rf8 33. Qe6 Kg7 34. Qxf7+ Rxf7 35. Ke2 Kh6 36. Re5 Kg7 37. Ke3 Kf6 38. f4 h6 39. h4 Rd7 40. g5+ hxg5 41. hxg5+ Kf7 42. Ke2 Rd5 43. Rxd5 cxd5 44. Ke3 Ke6 45. Kf2 Kf5 46. Kf3 b6 47. a3 b5 48. b4 a6 49. Kg3 Ke4 50. Kg4 Kd3 51. f5 gxf5+ 52. Kxf5 Kxc3 53. g6 d4 54. g7 d3 55. g8Q d2 56. Qc8+ Kd3 57. Qd7+ Kc3 58. Kf4 Kc2 59. Qc6+ Kd3 60. Qd5+ Kc2 61. Qc6+ Kb2 62. Qf6+ Kc2 63. Qf5+ Kc3 64. Qb1 Kd4 65. Kf3 Kc4 66. Qc2+ Kd4 67. Qxd2+ Kc4 68. Ke4 Kb3 69. Qd3+ Ka4 70. Qc3 a5 71. bxa5 1-0

[Event "GER-ch U25-B"]
[Site "Willingen"]
[Date "2017.06.07"]
[Round "6"]
[White "Guo, Philipp Ziming"]
[Black "Abicht, Aruna Sophia"]
[Result "1/2-1/2"]
[WhiteElo "1070"]
[BlackElo "1281"]
[PlyCount "75"]
[EventDate "2017.06.04"]
[EventType "swiss"]
[EventRounds "9"]
[EventCountry "GER"]
[SourceTitle "CBM 178 Extra"]
[Source "ChessBase"]
[SourceDate "2017.06.22"]
[SourceVersion "1"]
[SourceVersionDate "2017.06.22"]
[SourceQuality "1"]

1. e4 e5 2. Nf3 Nc6 3. d4 exd4 4. c3 d5 5. exd5 Qxd5 6. cxd4 Bg4 7. Be2 0-0-0 8. Nc3 Qd7 9. Be3 Bxf3 10. Bxf3 Nxd4 11. Bxd4 Qxd4 12. Qxd4 Rxd4 13. 0-0 Rd2 14. Bg4+ Kb8 15. Rad1 Rxd1 16. Rxd1 Bd6 17. Nb5 Nf6 18. Nxd6 cxd6 19. Bf3 Rd8 20. Kf1 Kc7 21. Rc1+ Kd7 22. Bxb7 Rb8 23. Bc6+ Kd8 24. Rc2 Rc8 25. Ba4 Rxc2 26. Bxc2 Kc7 27. f3 h6 28. Bb3 d5 29. Ke2 Kd6 30. Kd3 Kc5 31. a3 Nd7 32. Ba2 Ne5+ 33. Kc3 d4+ 34. Kc2 a5 35. h3 f6 36. Be6 Ng6 37. g3 Ne5 38. f4 1/2-1/2

[Event "GER-ch U25 op-B"]
[Site "Oberhof"]
[Date "2012.05.27"]
[Round "1"]
[White "Abicht, Aruna Sophia"]
[Black "Focke, Adrian"]
[Result "0-1"]
[WhiteElo "892"]
[BlackElo "1312"]
[PlyCount "82"]
[EventDate "2012.05.27"]
[EventType "swiss"]
[EventRounds "9"]
[EventCountry "GER"]
[SourceTitle "CBM 148 Extra"]
[Source "ChessBase"]
[SourceDate "2012.06.22"]
[SourceVersion "1"]
[SourceVersionDate "2012.06.22"]
[SourceQuality "1"]

1. e4 e5 2. Nf3 Nc6 3. Nc3 Nf6 4. Bc4 Bc5 5. 0-0 d6 6. h3 0-0 7. d3 h6 8. Bd2 Bd7 9. a3 a6 10. b4 Bd4 11. Nxd4 Nxd4 12. Nd5 b5 13. Nxf6+ Qxf6 14. Bd5 c6 15. Ba2 Qg6 16. Kh1 Rac8 17. c3 Ne6 18. d4 exd4 19. cxd4 Qxe4 20. d5 Nc7 21. Qf3 Qxf3 22. gxf3 Nxd5 23. h4 Be6 24. Rfe1 Rfe8 25. f4 Kh8 26. f5 Bxf5 27. Rxe8+ Rxe8 28. Re1 Rxe1+ 29. Bxe1 Kh7 30. h5 Bg4 31. Bb1+ Kg8 32. Kg2 Ne7 33. Kg3 Bxh5 34. f4 Bg6 35. Bxg6 fxg6 36. Bc3 Kf7 37. Kf3 Nf5 38. Bd2 Ke6 39. Be3 Nxe3 40. Kxe3 c5 41. Ke4 h5 0-1

[Event "GER-ch U25 op-B"]
[Site "Oberhof"]
[Date "2012.05.27"]
[Round "2"]
[White "Hoffmann, Rasmus"]
[Black "Abicht, Aruna Sophia"]
[Result "1-0"]
[WhiteElo "1151"]
[BlackElo "892"]
[PlyCount "67"]
[EventDate "2012.05.27"]
[EventType "swiss"]
[EventRounds "9"]
[EventCountry "GER"]
[SourceTitle "CBM 148 Extra"]
[Source "ChessBase"]
[SourceDate "2012.06.22"]
[SourceVersion "1"]
[SourceVersionDate "2012.06.22"]
[SourceQuality "1"]

1. Nc3 e5 2. Nf3 Nc6 3. d4 exd4 4. Nxd4 Nxd4 5. Qxd4 Nf6 6. Bg5 Be7 7. e4 d6 8. 0-0-0 c5 9. Qd2 h6 10. Bf4 0-0 11. Re1 Be6 12. Re3 d5 13. exd5 Nxd5 14. Nxd5 Qxd5 15. b3 Qxd2+ 16. Kxd2 Rfd8+ 17. Bd3 c4 18. bxc4 Bxc4 19. Rxe7 b5 20. Re3 g5 21. Be5 f5 22. f4 gxf4 23. Bxf4 h5 24. Kc1 Bxd3 25. Rxd3 Rxd3 26. cxd3 Rc8+ 27. Kd2 Rc5 28. Be3 Rd5 29. Bxa7 Kf7 30. Re1 Kg6 31. Be3 Kf6 32. Bf4 Kg6 33. Re6+ Kf7 34. Rh6 1-0